Inkaso pohledávek - "easy money", nebo "heavy duty"?

Riešenie kreditných rizík a správa pohľadávok je podnikanie ako každé iné. Objem trhu s pohľadávkami a platobná morálka neplatičov. Právne nastavenie inkasa a poznanie dôvodov, prečo dlžníci nesplácajú svoje záväzky.

Gespeichert in:
Bibliographische Detailangaben
1. Verfasser: Bartuška, Roman
Format: Buchkapitel
Sprache:Tschechisch
Schlagworte:
Tags: Tag hinzufügen
Keine Tags, Fügen Sie das erste Tag hinzu!

MARC

LEADER 00000naa a2200000 4500
001 0223705
005 20221104110441.9
041 0 |a cze 
044 |a CZ 
245 1 0 |a Inkaso pohledávek - "easy money", nebo "heavy duty"?  |c Roman Bartuška 
520 |a Riešenie kreditných rizík a správa pohľadávok je podnikanie ako každé iné. Objem trhu s pohľadávkami a platobná morálka neplatičov. Právne nastavenie inkasa a poznanie dôvodov, prečo dlžníci nesplácajú svoje záväzky. 
610 2 0 |a inkaso 
610 2 0 |a záväzky 
610 2 0 |a pohľadávky 
610 2 0 |a prevod bankový 
610 2 0 |a solventnosť 
610 2 0 |a bilancia platobná 
610 2 0 |a riziko 
610 2 0 |a dlžníci 
100 1 |a Bartuška, Roman